| 000 | 00896nam a2200265 a 4500 | ||
|---|---|---|---|
| 001 | BRCA_4378 | ||
| 005 | 20190320204641.0 | ||
| 008 | 200710s1958----fr-a######---#000-0#fre-# | ||
| 041 | _afre | ||
| 044 | _afr | ||
| 050 | 4 |
_aNK7109 _b.C38 2 _c1958 |
|
| 245 | 1 | 0 |
_aCatalogue de L´Orfévrerie _bdu XVIIe, du XVIIIe et du XIXe siecle. |
| 260 |
_aParís _bMusées Nationaux _c1958 |
||
| 300 |
_a252 p. _bil., 107 láminas _c28 cm. |
||
| 500 | _aCG12 | ||
| 500 | _aEjemplar igual a B286, Y19, Y128 y Y158 | ||
| 500 | _aEn portada también: Musées Nationaux, Département des Objets d´Art. Musée du Louvre et Musée de Cluny | ||
| 500 | _aIncluye índice de nombres | ||
| 650 | 1 | 4 |
_aOrfebrería _xHistoria _911144 |
| 650 | 1 | 4 |
_aPlatería _xHistoria _92975 |
| 650 | 1 | 4 |
_aGalerías y museos _zFrancia _97839 |
| 710 | 2 |
_aMusée National du Louvre (París) _99302 |
|
| 902 | _aGFM | ||
| 942 |
_2lcc _cB |
||
| 999 |
_c4089 _d4089 |
||